000 00728nam a2200241 i 4500
001 177678
003 ES-MaACL
005 20250902061257.0
008 110412s1985 sp ||||1| spa d
020 _a84-505-1777-X
080 _a658:681.5
245 0 0 _aCómo informatizar la empresa /
_cADAMICRO.
260 _aMadrid :
_bInstituto de la Pequeña y Mediana Empresa Industrial,
_cD. L. 1985.
300 _a79 p. ;
_c21 cm.
490 1 _aManuales IMPI ;
_v8
500 _aÍndice.
504 _aBibliografía: p. 78.
650 1 4 _aEmpresas-
_xAutomatización
_912214
710 2 _aADAMICRO.
_9146116
830 0 _aManuales IMPI ;
_v8
_9190542
852 _aES-MaACL
_jE-14875
_xOlim P-518
999 _c177678
_d177678